| 000 | 00870nam a2200265Ia 4500 | ||
|---|---|---|---|
| 003 | OSt | ||
| 005 | 20220926012256.0 | ||
| 006 | a|||||r|||| 00| 0 | ||
| 007 | ta | ||
| 008 | 220923b |||||||| |||| 00| 0 eng d | ||
| 020 | _a0521564115 | ||
| 037 | _cGeneral Book | ||
| 040 |
_aRTL _cRTL _beng |
||
| 041 |
_2eng _aeng |
||
| 082 | _aY9(L:5).55.N9, N7 | ||
| 100 |
_aBerg Manfred _9315972 |
||
| 245 | 0 |
_aMedicine and modernity _b Public health and medical care in nineteenth- and twentieth-century Germany |
|
| 260 |
_aNew York _bCambridge University Press _c1997 |
||
| 300 |
_avii,242p _ccm. |
||
| 490 | _aGerman Historical Institute, Publications | ||
| 650 | _aHealth Medical Sociology | ||
| 700 |
_a Cocks Geoffrey Ed. _9315973 |
||
| 942 |
_hY9(L:5).55.N9, N7 _cGB _2CC |
||
| 999 |
_c622313 _d622313 |
||